Cálculos laborales : (Registro nro. 21804)

Detalles MARC
000 -Cabecera
Campo de control interno 00844nam a2200241Ia 4500
005 - Fecha y hora del registro
control field 20260408080422.0
008 - Elementos de Longitud Fija
fixed length control field 260320s9999||||xx |||||||||||||| ||und||
020 ## - ISBN
ISBN 9786123331603
041 ## - Idioma
Codigo Idioma ESP
082 ## - DEWEY y NOTACIÓN INTERNA
Dewey 348.6
Notación Interna A11
100 ## - AUTOR
Autor denominación Abanto Bromley, Martha,
Término de relación autor
245 #0 - TÍTULO DE MATERIAL BIBLIOGRÁFICO
Título Cálculos laborales :
Título paralelo casos prácticos con asientos contables según PCGE y aplicación de NIIF
250 ## - EDICIÓN
Edición Primera edición
260 ## - CIUDAD, EDITORIAL, AÑO
Ciudad Lima :
Nombre de la Editorial Gaceta Jurídica,
Año 2025
300 ## - DESCRIPCIÓN
N° Páginas 271 páginas :
Otros detalles tablas, gráficos ;
Dimensiones 29 cm.
440 ## - MENCIÓN DE SERIE
Título de la Serie (Contadores & Empresas)
650 ## - TEMAS
Temas Ciencias Sociales
653 ## - DESCRIPTORES
Lenguajes no controlado Derecho del trabajo; Derecho tributario; Beneficios sociales
654 ## - PROGRAMAS
Programa Dpto. de Derecho y Ciencia Política
856 ## - URL - UBICACIÓN
URI/URL: Enlace exacto del recurso <a href="https://legal-legis-com-pe.ucsp.lookproxy.com/home/Corporativo">https://legal-legis-com-pe.ucsp.lookproxy.com/home/Corporativo</a>
Nota pública: Versión digital <a href="Véase además: Base de datos Multilegis">Véase además: Base de datos Multilegis</a>
942 ## - ELEMENTOS DE KOHA
Tipo de documento Libro
Nombre del creador Justo Noguera
Código de catalogador Margarita Torres
Esquema de clasificación Dewey Decimal Classification
Existencias
Codigo completo Registro Colección Copia número Disponibilidad Tipo de préstamo Biblioteca Actual Procedencia (Biblioteca) Ubicacón Fecha Ingreso Tipo de Adquisición Date last seen Total checkouts Price effective from Tipo de Item Estado del Material Fuente de Clasificación Damaged status Withdrawn status
348.6 A11 1085364 Universidad Católica San Pablo 1 Disponible Disponible Víctor Andrés Belaunde Víctor Andrés Belaunde Primer piso 08/04/2026 Suscripción 08/04/2026   08/04/2026 Libro Bueno Dewey Decimal Classification